Dictators with Countries : Sudden Death - Statistics

General Stats
  • This quiz has been taken 110 times
  • The average score is 5 of 15
Answers on the Grid
Answers color-coded by a green-red scale on the quiz's grid according to % correct below.
Adolf Hitler : Prussia
Joseph Stalin : Russia
Julius Caesar : Rome
Benito Mussolini : Italy
Mao Zedong : Republic of China
Kim Jong-un : South Korea
Saddam Hussain : Iraq
Muammar Gaddafi : Libya
Francisco Franco : Portugal
Pol Pot : Vietnam
Ferdinand Marcos : Japan
Augusto Pinochet : Chile
Bashar Al - Assad : Syria
Idi Amin : Rwanda
Yahya Jammeh : Senegal
Ne Win : Myanmar
Yakubu Gowon : Niger
Omar al-Bashir : South Sudan
Than Shwe : Myanmar
Hu Jintao : Republic of China
Isaias Afwerki : Ethiopia
King Mswati III : Swaziland
Pervez Musharraf : Afghanistan
Aleksandr Lukashenko : Moldova
 
Answer Stats
Answer % Correct
Adolf Hitler : Prussia
55%
Kim Jong-un : South Korea
51%
Pol Pot : Vietnam
48%
Francisco Franco : Portugal
47%
Ferdinand Marcos : Japan
44%
Idi Amin : Rwanda
44%
Aleksandr Lukashenko : Moldova
43%
Joseph Stalin : Russia
43%
Mao Zedong : Republic of China
32%
Omar al-Bashir : South Sudan
27%
Pervez Musharraf : Afghanistan
27%
Hu Jintao : Republic of China
25%
Isaias Afwerki : Ethiopia
18%
Yahya Jammeh : Senegal
10%
Yakubu Gowon : Niger
8%
No matching quizzes found
Score Distribution
Percent of People with Each Score
Percentile by Number Answered
Your Score History
You have not taken this quiz